Essays on transitional justice : Asian practices /

Bibliographische Detailangaben
Körperschaft: Liberation War Museum (Dhaka, Bangladesh)
Weitere Verfasser: Janisiewicz, Nicole (HerausgeberIn), Hoque, Mofidul (HerausgeberIn), Rahim, Naureen (HerausgeberIn), Azad, Emraan (HerausgeberIn)
Format: Buch
Sprache:English
Veröffentlicht: Dhaka, Bangladesh : Liberation War Museum, 2021
Schlagworte:
Classic Catalogue: View this record in Classic Catalogue
LEADER 01639nam a22003257a 4500
001 45115
003 BD-DhAAL
005 20251124103120.0
008 251123p20242021bg ||||| b||| 00| 0 eng d
020 |a 9789849020745 
020 |a 9849020741 
040 |a BD-DhAAL  |c BD-DhAAL 
082 |a 340.115  |2 23 
245 1 0 |a Essays on transitional justice :  |b Asian practices /  |c editors, Nicole Janisiewicz, Mofidul Hoque, Naureen Rahim, Emraan Azad. 
260 |a Dhaka, Bangladesh :  |b Liberation War Museum,  |c 2021  |g (2024 printing) 
300 |a 110 pages ;  |c 24 cm 
504 |a Includes bibliographical references. 
541 1 |a Complimentary copy from Professor Afsan Chowdhury, Department of English and Humanities, BRAC University  |e 45115 
650 0 |a Transitional justice  |z Asia.  |9 59872 
650 0 |a Human rights  |z Asia.  |9 59873 
650 0 |a Political crimes and offenses  |x Law and legislation  |z Asia.  |9 59878 
700 1 |a Janisiewicz, Nicole,  |e editor.  |9 59874 
700 1 |a Hoque, Mofidul,  |e editor.  |9 59875 
700 1 |a Rahim, Naureen,  |e editor.  |9 59876 
700 1 |a Azad, Emraan,   |e editor.  |9 59877 
710 2 |a Liberation War Museum (Dhaka, Bangladesh)  |9 59881 
852 1 |a Ayesha Abed Library  |c Liberation War Corner 
942 |2 ddc  |c BK 
999 |c 47646  |d 47646 
952 |0 0  |1 0  |2 ddc  |4 0  |6 340_115000000000000_ESS  |7 0  |9 78531  |a BRACUL  |b BRACUL  |c BNC  |d 2025-11-23  |e Complimentary copy from Professor Afsan Chowdhury, Department of English and Humanities, BRAC University  |g 300.00  |l 0  |o 340.115 ESS  |p 3010045115  |r 2025-11-23  |t 1  |v 600.00  |w 2025-11-23  |y BK  |x Complimentary copy from Professor Afsan Chowdhury, Department of English and Humanities, BRAC University